Personnel and human resource management Rev Ed 5 (Record no. 119730)
[ view plain ]
| 000 -LEADER | |
|---|---|
| fixed length control field | 00542nam a2200217Ia 4500 |
| 003 - CONTROL NUMBER IDENTIFIER | |
| control field | OSt |
| 005 - DATE AND TIME OF LATEST TRANSACTION | |
| control field | 20250724162820.0 |
| 008 - FIXED-LENGTH DATA ELEMENTS--GENERAL INFORMATION | |
| fixed length control field | 210210b2014 xxu||||| |||| 00| 0 eng d |
| 020 ## - INTERNATIONAL STANDARD BOOK NUMBER | |
| International Standard Book Number | 9789351425342 |
| 040 ## - CATALOGING SOURCE | |
| Transcribing agency | AL |
| 041 ## - LANGUAGE CODE | |
| Language code of text/sound track or separate title | eng |
| 082 ## - DEWEY DECIMAL CLASSIFICATION NUMBER | |
| Classification number | 658.3 RAOP |
| 100 ## - MAIN ENTRY--PERSONAL NAME | |
| Personal name | P Subba Rao |
| 9 (RLIN) | 142577 |
| 245 ## - TITLE STATEMENT | |
| Title | Personnel and human resource management Rev Ed 5 |
| 250 ## - EDITION STATEMENT | |
| Edition statement | 5 |
| 260 ## - PUBLICATION, DISTRIBUTION, ETC. | |
| Place of publication, distribution, etc. | Mumbai |
| Name of publisher, distributor, etc. | Himalaya Publishing House |
| Date of publication, distribution, etc. | 2014 |
| 300 ## - PHYSICAL DESCRIPTION | |
| Extent | xii,476p |
| 690 ## - LOCAL SUBJECT ADDED ENTRY--TOPICAL TERM (OCLC, RLIN) | |
| Topical term or geographic name as entry element | Personnel Management |
| 9 (RLIN) | 142586 |
| 906 ## - LOCAL DATA ELEMENT F, LDF (RLIN) | |
| a | 070377 |
| 942 ## - ADDED ENTRY ELEMENTS (KOHA) | |
| Source of classification or shelving scheme | Dewey Decimal Classification |
| Koha item type | Book |
| Withdrawn status | Lost status | Source of classification or shelving scheme | Damaged status | Not for loan | Collection code | Home library | Current library | Shelving location | Date acquired | Source of acquisition | Cost, normal purchase price | Total Checkouts | Full call number | Barcode | Date last seen | Price effective from | Koha item type | Total Renewals | Date due | Date last checked out |
|---|---|---|---|---|---|---|---|---|---|---|---|---|---|---|---|---|---|---|---|---|
| Dewey Decimal Classification | Management | St Aloysius Library | St Aloysius Library | Stack Section | 02/17/2021 | Biblios Book Point, Surathkal-575014 | 415.00 | 658.3 RAOP | 070381 | 02/17/2021 | 02/17/2021 | Book | ||||||||
| Dewey Decimal Classification | Management | St Aloysius Library | St Aloysius Library | Stack Section | 02/17/2021 | Biblios Book Point, Surathkal-575014 | 415.00 | 658.3 RAOP | 070380 | 02/17/2021 | 02/17/2021 | Book | ||||||||
| Dewey Decimal Classification | Management | St Aloysius Library | St Aloysius Library | Stack Section | 02/17/2021 | Biblios Book Point, Surathkal-575014 | 415.00 | 8 | 658.3 RAOP | 070379 | 02/27/2026 | 02/17/2021 | Book | 1 | 03/09/2026 | 02/27/2026 | ||||
| Dewey Decimal Classification | Reference Book | Management | St Aloysius Library | St Aloysius Library | Reference Section | 02/17/2021 | Biblios Book Point, Surathkal-575014 | 415.00 | 2 | 658.3 RAOP | 070378 | 04/26/2025 | 02/17/2021 | Reference | 04/15/2025 | |||||
| Dewey Decimal Classification | Management | St Aloysius Library | St Aloysius Library | Stack Section | 02/17/2021 | Biblios Book Point, Surathkal-575014 | 415.00 | 2 | 658.3 RAOP | 070377 | 04/30/2026 | 02/17/2021 | Book | 04/25/2026 |